| 000 | 01344 a2200241 4500 | ||
|---|---|---|---|
| 001 | 33301 | ||
| 005 | 20260407155626.0 | ||
| 008 | 260407a1988 arg spa d | ||
| 003 | AR-UNSa-BCEJYS | ||
| 040 |
_aAR-UNSa-BCEJYS _bspa _cAR-UNSa-BCEJYS |
||
| 080 |
_a658.15 _xAdministración financiera privada. Gestión financiera de empresas |
||
| 245 | 1 | 0 | _aTeoría y problemas de administración financiera |
| 020 | _a968-422-048-0 | ||
| 264 | 1 |
_aMéxico : _bMcGraw-Hill _c1988 |
|
| 300 |
_a464 p. _c27 cm. |
||
| 505 | _a1. Introducción - 2. El análisis financiero - 3. Prónostico financiero, planeación y presupuesto - 4. Administración del capital de trabajo - 5. Financiación a corto plazo - 6. Valor del dinero en el tiempo - 7. Riesgo, utilidad y valor - 8. Presupuesto de capital (incluye arrendamiento) - 9. Presupuesto de capital bajo riesgo - 10. Costo de capital - 11. Apalancamiento y estructura de capital - 12. Política de dividendos - 13. Préstamos a termino y arrendamiento - 14. Deuda a largo plazo - 15. Acciones preferenciales y comunes - 16. Garantías y conversiones - 17. Fusiones y adquisiciones - 18. Quiebra y reorganización | ||
| 041 | _aspa | ||
| 942 | _cBK | ||
| 590 | _aniveau_biblio:m niveau_hierar:0 | ||
| 100 | 1 | _aShim, Jae K. | |
| 700 | 1 | _aSiegel, Joel G. | |
| 700 | 1 | _aCastell de Dueñas, Beatriz | |
| 999 |
_c2339 _d2339 |
||